| 000 | 00573nam a22001577a 4500 | ||
|---|---|---|---|
| 008 | 150227b xxu||||| |||| 00| 0 eng d | ||
| 020 | _a08987053390 | ||
| 050 | _aBV4390.S854 | ||
| 100 |
_aStickler, Alfons Maria _915621 |
||
| 245 |
_aThe case for clerical celibacy: _bits historical development and foundations _c/ by Alfons Maria Cardinal Stickler; translated by Father Brian Ferme |
||
| 260 |
_aSan Francisco _bIgnatius Press _c1995 |
||
| 300 |
_a106p. ; _c19cm. |
||
| 650 |
_aCelibacy _915622 |
||
| 650 |
_aCatholic Church _xClergy _915623 |
||
| 942 |
_2lcc _cMONOGRAPH |
||
| 999 |
_c122224 _d122224 |
||